| 000 | 00499nam a2200205Ia 4500 | ||
|---|---|---|---|
| 008 | 170918s9999 xx 000 0 und d | ||
| 020 | _a9789810730116 | ||
| 050 | _bY943 2012 | ||
| 100 | _aYu, Ovidia | ||
| 245 | 4 | _aThe mudskipper / | |
| 245 | _cby Ovidia Yu. | ||
| 250 | _aFirst edition | ||
| 260 | _aSingapore : | ||
| 260 | _bScholastic, | ||
| 260 | _c2012 | ||
| 300 | _a108 pages : | ||
| 300 | _billustrations ; | ||
| 300 | _c19cm. | ||
| 300 | _eScholastic asian book award finalist. | ||
| 999 |
_c343903 _d343903 |
||